000 00385nam a2200145Ia 4500
008 230711s9999||||xx |||||||||||||| ||und||
041 _aENG
082 _a621.319
_bRA-E
100 _aRao,S
245 0 _aEHV-AC,HVDC transmission and 3rd distribution engineering
250 _a1st Ed.
260 _c2003
_aNew Delhi
_bKhanna Publishers
650 _aElectrical Engineering
942 _cBK
999 _c4199
_d4199